Szczegóły MARC21

Zygmunt Stary i Bona Sforza /

003 -Nazwa inst., której nr kontr. jest w polu 001 [,]
    • @
    • Nazwa instytucji, której n kontrolny jest w polu 001
    • NUKAT
005 -DATA I CZAS OSTATNIEJ MODYFIKACJI [,]
    • @
    • pole kontrolne
    • 20241231113703.0
020 -Międzynarod. znormalizowany nr książki - ISBN [ , ]
    • a
    • Numer ISBN
    • 9788375068832 Find
040 -Instytucja sporządzająca opis [ , ]
    • a
    • Instytucja, która sporządziła opis (NP)
    • WR U/as
    • c
    • Instytucja, która sporządziła rekord (NP)
    • WR U/as
    • d
    • Instytucja, która zmodyfikowała rekord (P)
    • WR U/ass
    • d
    • Instytucja, która zmodyfikowała rekord (P)
    • WR U/hb
    • d
    • Instytucja, która zmodyfikowała rekord (P)
    • WR U/ass
942 -Rodzaj dokumentu [ , ]
    • c
    • Rodzaj dokumentu
    • Książka
100 -Hasło główne - nazwa osobowa [1, ]
    • a
    • Nazwa osobowa (NP)
    • Besala, Jerzy
    • d
    • Daty biograficzne (NP)
    • (1951-2023).
    • 9
    • KHW
    • 21951
245 -Strefa tytułu i oznaczenia odpowiedzialności [1,0]
    • a
    • Tytuł
    • Zygmunt Stary i Bona Sforza / Find
    • c
    • Pozostałe elementy strefy tytułu i oznaczenia odpowiedzialności (NP)
    • Jerzy Besala.
260 -Strefa adresu wydawniczego [ , ]
    • a
    • Miejsce wydania (P)
    • Poznań :
    • b
    • Nazwa wydawcy (P)
    • Wydawnictwo Zysk i S-ka,
    • c
    • Data wydania (P)
    • 2012.
300 -Strefa opisu fizycznego [ , ]
    • a
    • Określenie formy książki i/lub objętość (NP)
    • 730 s. ;
    • c
    • Format (NP)
    • 24 cm.
336 -Typ zawartości [ , ]
    • a
    • Termin opisujący typ zawartości
    • Tekst
    • b
    • Kod określający zawartość
    • txt
    • 2
    • Źródło (terminu i kodu)
    • rdacontent
337 -Typ mediów [ , ]
    • a
    • Tryb odtwarzania
    • Bez urządzenia pośredniczącego
    • b
    • Kod typu mediów
    • n
    • 2
    • Źródło (terminu i kodu)
    • rdamedia
338 -Typ/rodzaj nośnika [ , ]
    • a
    • Hasło opisujące typ nośnika
    • Wolumin
    • b
    • Kod typu nośnika
    • nc
    • 2
    • Źródło (terminu i kodu)
    • rdacarrier
504 -Uwaga dot. bibliogr. załącznikowej [ , ]
    • a
    • Uwaga dot. bibliografii załącznikowej
    • Bibliogr. s. 689-708. Indeks.
080 -Uniwersalna Klasyfikacja Dziesiętna [ , ]
    • 2
    • Identyfikator wydania tablic
    • UDC-P058
    • 9
    • UKD
    • 6952
    • a
    • Symbol klasyfikacji
    • 929-052
    • b
    • Dopowiedzenie
    • Biografie zbiorowe.
080 -Uniwersalna Klasyfikacja Dziesiętna [ , ]
    • 2
    • Identyfikator wydania tablic
    • UDC-P058
    • 9
    • UKD
    • 7015
    • a
    • Symbol klasyfikacji
    • 94(438).03
    • b
    • Dopowiedzenie
    • Historia Polski. Dynastia Jagiellonów (1386-1572).
600 -Hasło przedmiotowe w formie nazwy osobowej [0,7]
    • a
    • Nazwa osobowa
    • Zygmunt
    • b
    • Numeracja zwiazana z nazwą
    • I Stary
    • c
    • Dopowiedzenie
    • (król Polski ;
    • d
    • Daty związane z nazwą
    • 1467-1548).
    • 2
    • Źródło terminu
    • kaba
    • 9
    • KHW
    • 259011
600 -Hasło przedmiotowe w formie nazwy osobowej [0,7]
    • a
    • Nazwa osobowa
    • Bona Sforza
    • c
    • Dopowiedzenie
    • (królowa Polski ;
    • d
    • Daty związane z nazwą
    • 1493-1557).
    • 2
    • Źródło terminu
    • kaba
    • 9
    • KHW
    • 230560
600 -Hasło przedmiotowe w formie nazwy osobowej [0,7]
    • a
    • Nazwa osobowa
    • Zygmunt
    • b
    • Numeracja zwiazana z nazwą
    • I Stary
    • c
    • Dopowiedzenie
    • (król Polski ;
    • d
    • Daty związane z nazwą
    • 1467-1548)
    • x
    • Określnik rzeczowy
    • małżeństwo.
    • 2
    • Źródło terminu
    • kaba
    • 9
    • KHW
    • 370395
600 -Hasło przedmiotowe w formie nazwy osobowej [0,7]
    • a
    • Nazwa osobowa
    • Zygmunt
    • b
    • Numeracja zwiazana z nazwą
    • I Stary
    • c
    • Dopowiedzenie
    • (król Polski ;
    • d
    • Daty związane z nazwą
    • 1467-1548)
    • x
    • Określnik rzeczowy
    • i kobiety.
    • 2
    • Źródło terminu
    • kaba
    • 9
    • KHW
    • 370396
980 -Symbol UKD [ , ]
    • a
    • UKD
    • 929-052:94(438).03
710 -Hasło dodatkowe - nazwa ciała zbiorowego [2, ]
    • a
    • Nazwa ciała zbiorowego lub nazwa geograficzna jako pierwszy element (NP)
    • Zysk i S-ka Wydawnictwo.
    • 4
    • Kod relacji
    • pbl
    • 9
    • KHW
    • 54028
920 -ISBN [ , ]
    • a
    • ISBN
    • 978-83-7506-883-2 Find
Numer inwentarzowy Status udost. Data inwentaryzacji Lokalizacja Obwoluta
H.2335612012-11-05BNS1